[Event "SUI-chT"]
[Site "Switzerland"]
[Date "2016.08.28"]
[Round "7.7"]
[White "Haas, Carmi"]
[Black "Hasenohr, Benedict"]
[Result "1/2-1/2"]
[WhiteElo "2198"]
[BlackElo "2242"]
[PlyCount "114"]
[EventDate "2016.03.20"]
[EventType "team-tourn"]
[EventRounds "9"]
[EventCountry "SUI"]
[SourceTitle "EXT 2017"]
[Source "ChessBase"]
[SourceDate "2016.10.25"]
[SourceVersion "1"]
[SourceVersionDate "2016.10.25"]
[SourceQuality "1"]
[WhiteTeam "Reti"]
[BlackTeam "Winterthur"]
[WhiteTeamCountry "SUI"]
[BlackTeamCountry "SUI"]

1. c4 c6 2. e4 d5 3. cxd5 cxd5 4. exd5 Nf6 5. Nc3 g6 6. Nf3 Bg7 7. Bc4 0-0 8. 0-0 Nbd7 9. Re1 Nb6 10. Qb3 Nxc4 11. Qxc4 b6 12. Nd4 Ng4 13. Nc6 Qd6 14. g3 Ne5 15. Nxe5 Bxe5 16. d4 Bg7 17. Bg5 Re8 18. Nb5 Qd7 19. Nc7 Bb7 20. Nxe8 Rxe8 21. d6 Qxd6 22. d5 Bxd5 23. Rad1 Bxc4 24. Rxd6 Bxb2 25. Rxe7 Rxe7 26. Bxe7 b5 27. Bf6 Bxf6 28. Rxf6 Bxa2 29. Ra6 Bd5 30. Rxa7 b4 31. Ra5 Be6 32. Kf1 Kf8 33. Ke1 Ke7 34. Kd2 Kd6 35. Rb5 b3 36. Kc3 Kc6 37. Re5 Kd6 38. Ra5 Kc6 39. g4 Bxg4 40. Kxb3 Kd6 41. Kc3 Ke6 42. Kd4 Kf6 43. Kd5 Kg5 44. Ra4 h5 45. Ke5 f6+ 46. Kd6 f5 47. Ke5 Kh4 48. f3 Kh3 49. fxg4 fxg4 50. Ra2 h4 51. Ke4 g5 52. Ra5 Kxh2 53. Rxg5 Kg3 54. Ra5 h3 55. Ra3+ Kh4 56. Kf5 h2 57. Ra7 Kh3 1/2-1/2

[Event "SUI-chT"]
[Site "Switzerland"]
[Date "2016.06.11"]
[Round "4.8"]
[White "Haas, Carmi"]
[Black "Schmidt Schaeffer, Sebastian"]
[Result "0-1"]
[WhiteElo "2198"]
[BlackElo "2355"]
[PlyCount "108"]
[EventDate "2016.03.20"]
[EventType "team-tourn"]
[EventRounds "9"]
[EventCountry "SUI"]
[SourceTitle "EXT 2017"]
[Source "ChessBase"]
[SourceDate "2016.10.25"]
[SourceVersion "1"]
[SourceVersionDate "2016.10.25"]
[SourceQuality "1"]
[WhiteTeam "Reti"]
[BlackTeam "Riehen"]
[WhiteTeamCountry "SUI"]
[BlackTeamCountry "SUI"]

1. Nf3 f5 2. d4 Nf6 3. c4 e6 4. g3 d5 5. cxd5 exd5 6. Bg2 Be7 7. 0-0 0-0 8. Nc3 c6 9. Ne5 Be6 10. Bg5 Nbd7 11. Nxd7 Qxd7 12. Bxf6 Rxf6 13. e3 Re8 14. Rb1 a5 15. Rc1 g5 16. Qd2 f4 17. exf4 gxf4 18. f3 Bd6 19. g4 Bf7 20. Rfe1 Rfe6 21. Rxe6 Qxe6 22. a3 Bg6 23. Bf1 h5 24. h3 Qf6 25. Nd1 hxg4 26. hxg4 Kg7 27. Qf2 Bc7 28. Nc3 Bb6 29. Rd1 Re3 30. Ne2 a4 31. Qg2 Bd3 32. g5 Qf5 33. Qh2 Qxg5+ 34. Kh1 Rxf3 35. Nxf4 Qxf4 36. Qxf4 Rxf4 37. Bxd3 Bxd4 38. Bc2 b5 39. b3 axb3 40. Bxb3 Bb2 41. Bxd5 cxd5 42. Rxd5 Bxa3 43. Rxb5 Kf6 44. Kg2 Bd6 45. Rd5 Be5 46. Rc5 Kf5 47. Ra5 Ke4 48. Ra4+ Bd4 49. Ra3 Rf2+ 50. Kh1 Be3 51. Ra2 Rf8 52. Ra6 Kf3 53. Ra2 Rc8 54. Rc2 Rd8 0-1

[Event "Zuerich op-A 39th"]
[Site "Zuerich"]
[Date "2015.12.27"]
[Round "2"]
[White "Haas, Carmi"]
[Black "Klauser, Markus"]
[Result "1-0"]
[WhiteElo "2192"]
[BlackElo "2393"]
[PlyCount "137"]
[EventDate "2015.12.26"]
[EventType "swiss"]
[EventRounds "7"]
[EventCountry "SUI"]
[SourceTitle "CBM 170 Extra"]
[Source "ChessBase"]
[SourceDate "2016.02.25"]
[SourceVersion "1"]
[SourceVersionDate "2016.02.25"]
[SourceQuality "1"]

1. d4 Nf6 2. Nf3 e6 3. c4 b6 4. Nc3 Bb4 5. Qc2 Bb7 6. a3 Bxc3+ 7. Qxc3 Ne4 8. Qc2 f5 9. e3 0-0 10. Bd3 d6 11. 0-0 Nd7 12. Nd2 Qh4 13. f3 Ng5 14. Nb3 Rf6 15. Qf2 Qh5 16. h4 Nf7 17. Re1 e5 18. Bd2 Rf8 19. d5 Nh6 20. Bc3 a5 21. Qg3 Qe8 22. Nd2 Rg6 23. Qh3 Nc5 24. Bc2 Na4 25. Bxa4 Qxa4 26. b3 Qe8 27. b4 a4 28. b5 Bc8 29. Qh2 Qd8 30. Kf2 Nf7 31. g3 Nh6 32. Ke2 f4 33. exf4 exf4 34. g4 Nxg4 35. fxg4 Bxg4+ 36. Kf2 Qd7 37. Re4 Qf5 38. Rae1 h5 39. Bd4 Rf7 40. Re8+ Kh7 41. Ne4 f3 42. Ng5+ Rxg5 43. hxg5 Qd3 44. R1e4 Qd2+ 45. Kg3 f2 46. g6+ Kxg6 47. Rxg4+ hxg4 48. Re6+ Rf6 49. Qxf2 Qd3+ 50. Kxg4 Rxe6 51. dxe6 Qe4+ 52. Kg3 Qxe6 53. Qc2+ Kf7 54. Qd3 g6 55. Qf3+ Ke7 56. Qe3 Qxe3+ 57. Bxe3 d5 58. c5 bxc5 59. Bxc5+ Ke6 60. Kf4 g5+ 61. Ke3 Ke5 62. Kd3 g4 63. Bf2 Kd6 64. Kd4 c5+ 65. Kc3 d4+ 66. Kc4 Kc7 67. Bh4 Kd7 68. Bg3 Kc8 69. Bd6 1-0

[Event "SUI-ch HT"]
[Site "Bern"]
[Date "2014.09.27"]
[Round "1"]
[White "Haas, Carmi"]
[Black "Horber, Jean Marc"]
[Result "1-0"]
[WhiteElo "2212"]
[BlackElo "2067"]
[PlyCount "83"]
[EventDate "2014.09.27"]
[EventType "swiss"]
[EventRounds "9"]
[EventCountry "SUI"]
[SourceTitle "EXT 2016"]
[Source "ChessBase"]
[SourceDate "2015.10.08"]
[SourceVersion "1"]
[SourceVersionDate "2015.10.08"]
[SourceQuality "1"]

1. c4 e5 2. g3 Nf6 3. Bg2 d5 4. cxd5 Nxd5 5. Nc3 Nb6 6. Nf3 Nc6 7. 0-0 Be6 8. a3 Be7 9. d3 0-0 10. b4 f6 11. Rb1 Qd7 12. Re1 Rfd8 13. Bb2 a5 14. b5 Na7 15. Qc1 Nac8 16. Ne4 Na4 17. Nc3 Nxb2 18. Qxb2 a4 19. Nd2 Ra7 20. Rbc1 f5 21. Nc4 Bxc4 22. dxc4 e4 23. Red1 Qe8 24. Rxd8 Qxd8 25. Rd1 Qf8 26. c5 Bxc5 27. Nxa4 Bd6 28. Qd4 Qf6 29. Qe3 Qf7 30. Nc5 Nb6 31. g4 Nc4 32. Qd4 g6 33. Nxe4 fxe4 34. Qxa7 Qf4 35. Qd4 Qxh2+ 36. Kf1 Ne5 37. Qxe4 Qh4 38. Rd4 b6 39. a4 Qh6 40. e3 Qh4 41. a5 bxa5 42. b6 1-0

[Event "Winterthur op 11th"]
[Site "Winterthur"]
[Date "2011.10.12"]
[Round "6"]
[White "Haas, Carmi"]
[Black "Botta, Gabriele"]
[Result "1-0"]
[WhiteElo "2212"]
[BlackElo "2271"]
[PlyCount "81"]
[EventDate "2011.10.08"]
[EventType "swiss"]
[EventRounds "9"]
[EventCountry "SUI"]
[SourceTitle "CBM 144 Extra"]
[Source "ChessBase"]
[SourceDate "2011.10.28"]
[SourceVersion "1"]
[SourceVersionDate "2011.10.28"]
[SourceQuality "1"]

1. c4 e6 2. g3 Nf6 3. Bg2 d5 4. Nf3 Be7 5. 0-0 0-0 6. b3 c5 7. cxd5 Nxd5 8. Bb2 Bf6 9. Nc3 Nxc3 10. Bxc3 Nc6 11. Bxf6 Qxf6 12. Rc1 b6 13. d4 Rd8 14. Qe1 Rb8 15. dxc5 bxc5 16. Rxc5 Nb4 17. a3 Nd5 18. e4 Ba6 19. exd5 Bxf1 20. Qxf1 Rxb3 21. Qe2 Qa1+ 22. Bf1 Qxa3 23. Nd4 Rxg3+ 24. hxg3 Qxc5 25. dxe6 Rf8 26. exf7+ Rxf7 27. Qe6 Qxd4 28. Qc8+ Rf8 29. Bc4+ Qxc4 30. Qxc4+ Rf7 31. Qc8+ Rf8 32. Qc7 Rf7 33. Qb8+ Rf8 34. Qxa7 h6 35. f4 Rf6 36. Qd7 Kh7 37. Kg2 h5 38. Kh3 Rh6 39. Kh4 Kg8 40. Qe8+ Kh7 41. Kg5 1-0

[Event "Winterthur op 11th"]
[Site "Winterthur"]
[Date "2011.10.11"]
[Round "4"]
[White "Gleizerov, Evgeny"]
[Black "Haas, Carmi"]
[Result "1-0"]
[WhiteElo "2585"]
[BlackElo "2212"]
[PlyCount "43"]
[EventDate "2011.10.08"]
[EventType "swiss"]
[EventRounds "9"]
[EventCountry "SUI"]
[SourceTitle "CBM 144 Extra"]
[Source "ChessBase"]
[SourceDate "2011.10.28"]
[SourceVersion "1"]
[SourceVersionDate "2011.10.28"]
[SourceQuality "1"]

1. d4 d5 2. c4 c6 3. Nf3 Nf6 4. Nc3 Bf5 5. Qb3 Qb6 6. c5 Qc7 7. Bf4 Qc8 8. h3 Nbd7 9. e3 e6 10. Nh4 Be7 11. Nxf5 exf5 12. g4 fxg4 13. hxg4 g5 14. Bxg5 Nxg4 15. Bxe7 Kxe7 16. Bh3 f5 17. e4 Ndf6 18. exd5 cxd5 19. Bxg4 fxg4 20. 0-0-0 Qc6 21. Rde1+ Kf7 22. Nb5 1-0

[Event "Zuerich op-A 31th"]
[Site "Zuerich"]
[Date "2007.12.28"]
[Round "4"]
[White "Haas, Carmi"]
[Black "Schaufelberger, Heinz"]
[Result "1-0"]
[WhiteElo "2169"]
[BlackElo "2332"]
[PlyCount "81"]
[EventDate "2007.12.26"]
[EventType "swiss"]
[EventRounds "7"]
[EventCountry "SUI"]
[SourceTitle "CBM 122 Extra"]
[Source "ChessBase"]
[SourceDate "2008.03.04"]
[SourceVersion "1"]
[SourceVersionDate "2008.03.04"]
[SourceQuality "1"]

1. c4 g6 2. g3 Bg7 3. Bg2 Nf6 4. Nc3 0-0 5. Nf3 c6 6. 0-0 d6 7. d3 a6 8. Bd2 b5 9. b4 a5 10. a3 axb4 11. axb4 Rxa1 12. Qxa1 bxc4 13. dxc4 Ne4 14. Qa3 Nxd2 15. Nxd2 Qb6 16. e3 Bf5 17. Ra1 Nd7 18. Na4 Qc7 19. Ra2 Rb8 20. Nb3 Nb6 21. Na5 Bd7 22. Nb2 Bf6 23. Nd3 Ra8 24. Qb3 Ra7 25. c5 Nc8 26. Rc2 d5 27. e4 e6 28. Re2 Ne7 29. e5 Bg7 30. Qc3 Bc8 31. f4 Ba6 32. Ra2 Bb5 33. Bf1 Ra8 34. Ra1 Nf5 35. Ne1 Bxf1 36. Kxf1 h5 37. Nf3 Rb8 38. Kf2 Qd7 39. Ra4 Kf8 40. Nb3 Qb7 41. Qd3 1-0

[Event "Zuerich op-A 31th"]
[Site "Zuerich"]
[Date "2007.12.27"]
[Round "2"]
[White "Haas, Carmi"]
[Black "Kamber, Bruno"]
[Result "0-1"]
[WhiteElo "2169"]
[BlackElo "2329"]
[PlyCount "46"]
[EventDate "2007.12.26"]
[EventType "swiss"]
[EventRounds "7"]
[EventCountry "SUI"]
[SourceTitle "CBM 122 Extra"]
[Source "ChessBase"]
[SourceDate "2008.03.04"]
[SourceVersion "1"]
[SourceVersionDate "2008.03.04"]
[SourceQuality "1"]

1. c4 e5 2. Nc3 Bb4 3. g3 Bxc3 4. bxc3 Nc6 5. Bg2 Nge7 6. e4 d6 7. Ne2 f5 8. d4 fxe4 9. dxe5 Nxe5 10. Bxe4 0-0 11. f4 N5c6 12. Nd4 Kh8 13. Qh5 Nf5 14. 0-0 Ncxd4 15. cxd4 Qe8 16. Qxe8 Rxe8 17. Bxf5 Bxf5 18. c5 Bh3 19. Rd1 Re2 20. Bd2 h5 21. Be1 Rg2+ 22. Kh1 Re8 23. g4 Ree2 0-1

[Event "Winterthur op"]
[Site "Winterthur"]
[Date "2006.10.14"]
[Round "9"]
[White "Naef, Thomas"]
[Black "Haas, Carmi"]
[Result "1-0"]
[WhiteElo "2040"]
[BlackElo "2142"]
[PlyCount "39"]
[EventDate "2006.10.06"]
[EventType "swiss"]
[EventRounds "9"]
[EventCountry "SUI"]
[SourceTitle "EXT 2007"]
[Source "ChessBase"]
[SourceDate "2006.11.23"]
[SourceVersion "1"]
[SourceVersionDate "2006.11.23"]
[SourceQuality "1"]

1. e4 e5 2. f4 exf4 3. Nf3 g5 4. h4 g4 5. Ne5 Nf6 6. d4 d5 7. Bxf4 Nxe4 8. g3 h5 9. Bg2 Bg7 10. 0-0 0-0 11. c4 c6 12. Nc3 Nxc3 13. bxc3 dxc4 14. Nxc4 Be6 15. Nd6 Qa5 16. Qd2 b6 17. Bh6 f6 18. Be4 Qa3 19. Bxg7 Kxg7 20. Rxf6 1-0

[Event "Zuerich op-A 28th"]
[Site "Zuerich"]
[Date "2004.12.??"]
[Round "7"]
[White "Haas, Carmi"]
[Black "Myers, Geoffrey"]
[Result "1-0"]
[WhiteElo "2199"]
[BlackElo "2058"]
[PlyCount "83"]
[EventDate "2004.12.26"]
[EventType "swiss"]
[EventRounds "9"]
[EventCountry "SUI"]
[SourceTitle "EXT 2006"]
[Source "ChessBase"]
[SourceDate "2005.11.24"]
[SourceVersion "1"]
[SourceVersionDate "2005.11.24"]
[SourceQuality "1"]

1. c4 c6 2. d4 d5 3. e3 Nf6 4. Nc3 e6 5. Nf3 Nbd7 6. Qc2 Bd6 7. g4 Bb4 8. Rg1 Qe7 9. Bd2 Bxc3 10. Bxc3 Ne4 11. Bd3 Nxc3 12. Qxc3 dxc4 13. Qxc4 e5 14. Qc2 exd4 15. Nxd4 Ne5 16. 0-0-0 Nxd3+ 17. Qxd3 0-0 18. Kb1 Bd7 19. Nb5 Be6 20. Nd6 Bd5 21. Nf5 Qe5 22. Qd4 Be4+ 23. Kc1 Qxd4 24. Ne7+ Kh8 25. Rxd4 Bf3 26. Rf4 Rae8 27. Nf5 Bd5 28. b3 Rd8 29. Rd1 g6 30. Ng3 Kg7 31. Rfd4 Rde8 32. e4 Be6 33. h3 Kf6 34. f4 Ke7 35. f5 Bc8 36. e5 gxf5 37. Nxf5+ Bxf5 38. gxf5 Rg8 39. Rd7+ Kf8 40. Rxb7 Rxe5 41. Rd8+ Re8 42. Rxe8+ 1-0

[Event "Winterthur op"]
[Site "Winterthur"]
[Date "2004.10.05"]
[Round "5"]
[White "Haas, Carmi"]
[Black "Malakhatko, Vadim"]
[Result "0-1"]
[WhiteElo "2199"]
[BlackElo "2571"]
[PlyCount "71"]
[EventDate "2004.10.01"]
[EventType "swiss"]
[EventRounds "9"]
[EventCountry "SUI"]
[SourceTitle "CBM 102 Extra"]
[Source "ChessBase"]
[SourceDate "2004.11.03"]
[SourceVersion "1"]
[SourceVersionDate "2004.11.03"]
[SourceQuality "1"]

1. c4 e6 2. Nf3 d5 3. g3 Nf6 4. Bg2 Be7 5. 0-0 0-0 6. cxd5 exd5 7. d4 c6 8. Nc3 Bf5 9. Nh4 Be6 10. Qd3 Re8 11. Nf5 Bf8 12. Bg5 Nbd7 13. Rac1 h6 14. Bd2 Nb6 15. b3 Ne4 16. Bxe4 dxe4 17. Qxe4 Qd7 18. g4 Bxb3 19. Qf4 Nd5 20. Nxd5 Bxd5 21. Rfe1 Re4 22. Qg3 Be6 23. f3 Rxd4 24. Bc3 Rd5 25. e4 Rd3 26. Kh1 f6 27. Qf2 Rd8 28. Re2 b6 29. Kg2 Qf7 30. Ng3 Bc5 31. Qe1 Bxa2 32. Bb4 Bxb4 33. Qxb4 c5 34. Qb2 Be6 35. Nh5 Qc7 36. Ra1 0-1

[Event "Winterthur op"]
[Site "Winterthur"]
[Date "2004.10.04"]
[Round "4"]
[White "Haas, Carmi"]
[Black "Buergi, Jakob"]
[Result "1-0"]
[WhiteElo "2199"]
[BlackElo "2011"]
[PlyCount "39"]
[EventDate "2004.10.01"]
[EventType "swiss"]
[EventRounds "9"]
[EventCountry "SUI"]
[SourceTitle "CBM 102 Extra"]
[Source "ChessBase"]
[SourceDate "2004.11.03"]
[SourceVersion "1"]
[SourceVersionDate "2004.11.03"]
[SourceQuality "1"]

1. c4 c6 2. d4 d5 3. Nc3 e6 4. Nf3 Bd6 5. e4 dxe4 6. Nxe4 Be7 7. Be2 Nd7 8. 0-0 Ngf6 9. Ng3 h5 10. Bg5 Ng8 11. Be3 h4 12. Ne4 Ngf6 13. Nfg5 Ng4 14. Bf4 Nf8 15. h3 Ng6 16. Bd2 Nf6 17. Qc2 Qc7 18. Nxf7 Nf4 19. Bxf4 Qxf4 20. Nxh8 1-0

[Event "Winterthur op"]
[Site "Winterthur"]
[Date "2003.10.09"]
[Round "7"]
[White "Remensberger, Paul"]
[Black "Haas, Carmi"]
[Result "0-1"]
[WhiteElo "2077"]
[BlackElo "2211"]
[PlyCount "51"]
[EventDate "2003.10.03"]
[EventType "swiss"]
[EventRounds "9"]
[EventCountry "SUI"]
[SourceTitle "CBM 096 Extra"]
[Source "ChessBase"]
[SourceDate "2003.10.22"]
[SourceVersion "2"]
[SourceVersionDate "2003.10.20"]
[SourceQuality "1"]

1. d4 d5 2. c4 c6 3. Nf3 Nf6 4. g3 Bf5 5. cxd5 Bxb1 6. Rxb1 Qxd5 7. Ra1 Nbd7 8. Qb3 Qxb3 9. axb3 g6 10. Bg2 Bg7 11. 0-0 0-0 12. b4 Nd5 13. Bd2 Rfd8 14. Bc3 e5 15. b5 cxb5 16. dxe5 Nxc3 17. bxc3 Nc5 18. Nd4 Bxe5 19. e3 a6 20. Rab1 Rac8 21. Rfc1 Rc7 22. c4 b4 23. Rd1 a5 24. Bd5 Bxd4 25. exd4 Na4 26. Ra1 0-1

[Event "Zuerich op 26th"]
[Site "Zuerich"]
[Date "2002.12.29"]
[Round "6"]
[White "Papa, Severin"]
[Black "Haas, Carmi"]
[Result "1-0"]
[WhiteElo "2326"]
[BlackElo "2217"]
[PlyCount "91"]
[EventDate "2002.12.26"]
[EventType "swiss"]
[EventRounds "7"]
[EventCountry "SUI"]
[SourceTitle "CBM 091 Extra"]
[Source "ChessBase"]
[SourceDate "2003.01.09"]
[SourceVersion "1"]
[SourceVersionDate "2003.01.09"]
[SourceQuality "1"]

1. d4 d5 2. c4 c6 3. Nf3 Nf6 4. Nc3 a6 5. c5 b6 6. cxb6 Nbd7 7. Bf4 Qxb6 8. Na4 Qa5+ 9. Bd2 Qc7 10. Rc1 e6 11. g3 Bd6 12. Bg2 0-0 13. 0-0 Ne4 14. Be3 a5 15. Nd2 f5 16. f3 Nxd2 17. Qxd2 Ba6 18. Rf2 Bc4 19. b3 Bb5 20. Nc3 Ba6 21. Bf4 Bxf4 22. Qxf4 Qxf4 23. gxf4 Nb6 24. e3 Rfc8 25. Nd1 a4 26. Rfc2 axb3 27. axb3 Bb7 28. Nf2 Ra3 29. Nd3 Nd7 30. Rc3 Rca8 31. Nb4 Kf7 32. Kf2 Nb8 33. e4 R8a5 34. exf5 exf5 35. Bf1 Ra1 36. R1c2 Rd1 37. Re3 Ra7 38. Bd3 g6 39. Rce2 Bc8 40. Re8 Rc7 41. Rh8 Kg7 42. Ree8 Rb7 43. Ke2 Na6 44. Nxa6 Rxb3 45. Nc5 Rdxd3 46. Nxb3 1-0

[Event "Zuerich op 25th"]
[Site "Zuerich"]
[Date "2001.12.29"]
[Round "5"]
[White "Kurmann, Oliver"]
[Black "Haas, Carmi"]
[Result "1-0"]
[WhiteElo "2146"]
[BlackElo "2247"]
[PlyCount "61"]
[EventDate "2001.12.26"]
[EventType "swiss"]
[EventRounds "7"]
[EventCountry "SUI"]
[SourceTitle "EXT 2003"]
[Source "ChessBase"]
[SourceDate "2002.11.25"]
[SourceVersion "1"]
[SourceVersionDate "2002.11.25"]
[SourceQuality "1"]

1. e4 e5 2. f4 exf4 3. Bc4 g5 4. d4 d6 5. h4 Bg7 6. Nc3 h6 7. hxg5 Qxg5 8. Nf3 Qg3+ 9. Kf1 Bg4 10. Nd5 Bxf3 11. Qxf3 Kd7 12. c3 Nc6 13. Nxf4 Qxf3+ 14. gxf3 Nd8 15. Nh5 Bf8 16. Kf2 Be7 17. Be3 Ne6 18. Rag1 Rf8 19. Ng3 Bd8 20. Rg2 Ng7 21. Nh5 Ne8 22. Ng7 Rh7 23. Nf5 h5 24. Rgh2 h4 25. Nxh4 Ne7 26. Ng2 Rxh2 27. Rxh2 f5 28. e5 d5 29. Bd3 c6 30. Rh7 Nc7 31. Bh6 1-0

[Event "Zuerich op 25th"]
[Site "Zuerich"]
[Date "2001.12.28"]
[Round "4"]
[White "Haas, Carmi"]
[Black "Moor, Roger"]
[Result "0-1"]
[WhiteElo "2247"]
[BlackElo "2385"]
[PlyCount "74"]
[EventDate "2001.12.26"]
[EventType "swiss"]
[EventRounds "7"]
[EventCountry "SUI"]
[SourceTitle "EXT 2003"]
[Source "ChessBase"]
[SourceDate "2002.11.25"]
[SourceVersion "1"]
[SourceVersionDate "2002.11.25"]
[SourceQuality "1"]

1. c4 Nf6 2. Nf3 g6 3. g3 Bg7 4. Nc3 0-0 5. Bg2 d5 6. cxd5 Nxd5 7. 0-0 Nc6 8. Qb3 Nb6 9. d3 h6 10. a4 Be6 11. Qa3 a5 12. Nb5 Nb4 13. Ne1 c6 14. Nc3 Kh7 15. Be3 N6d5 16. Bd2 Qb6 17. Rc1 Rfd8 18. Ne4 Na6 19. Rb1 f5 20. Nc3 Ndb4 21. Rc1 Rd7 22. Nf3 Nd5 23. Nxd5 Bxd5 24. Bc3 Qb3 25. Qa1 Bxf3 26. Bxf3 Nb4 27. Bxg7 Kxg7 28. Rc4 Nc2 29. Qc1 Nd4 30. Kg2 Rad8 31. Qe3 Nxf3 32. Kxf3 Rxd3 33. exd3 Rxd3 34. Rc3 Rxe3+ 35. Rxe3 Qd5+ 36. Ke2 Qc4+ 37. Ke1 e5 0-1

[Event "Winterthur op 1st"]
[Site "Winterthur"]
[Date "2001.10.13"]
[Round "9"]
[White "Haas, Carmi"]
[Black "Huss, Andreas"]
[Result "0-1"]
[WhiteElo "2247"]
[BlackElo "2344"]
[PlyCount "62"]
[EventDate "2001.10.05"]
[EventType "swiss"]
[EventRounds "9"]
[EventCountry "SUI"]
[SourceTitle "CBM 084 Extra"]
[Source "ChessBase"]
[SourceDate "2001.10.26"]
[SourceVersion "1"]
[SourceVersionDate "2001.10.26"]
[SourceQuality "1"]

1. c4 e6 2. Nf3 Nf6 3. g3 d5 4. b3 Be7 5. Bg2 0-0 6. Bb2 c5 7. 0-0 Nc6 8. e3 d4 9. exd4 cxd4 10. Re1 Ne8 11. d3 f6 12. a3 a5 13. Nbd2 e5 14. Rc1 Nc7 15. Qe2 Na6 16. Nh4 Nc5 17. f4 exf4 18. Bd5+ Kh8 19. gxf4 f5 20. Nhf3 Bf6 21. Ne5 Bxe5 22. fxe5 Re8 23. Nf3 Nxb3 24. Rb1 Be6 25. Bc1 Bxd5 26. cxd5 Qxd5 27. Ng5 Rxe5 28. Qh5 Rxe1+ 29. Kf2 h6 30. Kxe1 Nxc1 31. Rxc1 Qh1+ 0-1

[Event "Zuerich op 24th"]
[Site "Zuerich"]
[Date "2000.12.29"]
[Round "6"]
[White "Nemet, Ivan"]
[Black "Haas, Carmi"]
[Result "1-0"]
[WhiteElo "2412"]
[BlackElo "2227"]
[PlyCount "61"]
[EventDate "2000.12.26"]
[EventType "swiss"]
[EventRounds "7"]
[EventCountry "SUI"]
[SourceTitle "EXT 2002"]
[Source "ChessBase"]
[SourceDate "2001.11.25"]
[SourceVersion "1"]
[SourceVersionDate "2001.11.25"]
[SourceQuality "1"]

1. d4 d5 2. Nf3 Nf6 3. c4 c6 4. e3 a6 5. Nc3 b5 6. b3 Nbd7 7. Bd3 e6 8. 0-0 Bd6 9. Qc2 0-0 10. e4 dxc4 11. bxc4 e5 12. Ne2 bxc4 13. Bxc4 exd4 14. Nexd4 Qc7 15. Bg5 Ng4 16. h3 Nh2 17. Nxh2 Bxh2+ 18. Kh1 Be5 19. Rad1 Nc5 20. Nxc6 Qxc6 21. Bd5 Qg6 22. f4 Nb7 23. fxe5 Qxg5 24. Qc7 Kh8 25. Bxb7 Bxb7 26. Qxb7 Kg8 27. Rxf7 Qxe5 28. Rdd7 Qa1+ 29. Kh2 Qe5+ 30. g3 Kh8 31. Rxg7 1-0

[Event "Zuerich Hilton op"]
[Site "Zuerich"]
[Date "1999.08.20"]
[Round "7"]
[White "Brunner, Marcel"]
[Black "Haas, Carmi"]
[Result "0-1"]
[WhiteElo "2190"]
[BlackElo "2208"]
[PlyCount "102"]
[EventDate "1999.08.13"]
[EventType "swiss"]
[EventRounds "9"]
[EventCountry "SUI"]
[SourceTitle "EXT 2000"]
[Source "ChessBase"]
[SourceDate "1999.11.16"]
[SourceVersion "1"]
[SourceVersionDate "1999.11.16"]
[SourceQuality "1"]

1. e4 e5 2. Nf3 Nc6 3. Bb5 Nd4 4. Nxd4 exd4 5. 0-0 Bc5 6. d3 c6 7. Bc4 d6 8. c3 Nf6 9. Bg5 h6 10. Bh4 g5 11. Bg3 Bg4 12. Qe1 Nh5 13. Nd2 b5 14. Bb3 Nf4 15. Bxf4 gxf4 16. Bd1 h5 17. Nb3 f3 18. Qd2 Qh4 19. Qf4 dxc3 20. Nxc5 cxb2 21. Rb1 fxg2 22. Re1 dxc5 23. Qe5+ Kd7 24. Qxc5 Rh6 25. e5 Qe7 26. Qd4+ Kc7 27. a4 Bxd1 28. Rexd1 a6 29. Rxb2 Re6 30. f4 f6 31. a5 fxe5 32. Qb6+ Kc8 33. Rxg2 Qa7 34. Rg8+ Kd7 35. Rg7+ Re7 36. Rxe7+ Kxe7 37. Qxa7+ Rxa7 38. Re1 b4 39. fxe5 b3 40. d4 Ke6 41. Kf2 Kd5 42. Ke3 b2 43. Kd3 Rb7 44. Kc2 Kxd4 45. Kb1 Kd5 46. e6 Re7 47. Kxb2 Rxe6 48. Rd1+ Kc4 49. Rc1+ Kb5 50. Rc2 Re4 51. Kc1 Rc4 0-1

[Event "Baden Casino op 4th"]
[Site "Baden"]
[Date "1999.04.04"]
[Round "4"]
[White "Nemet, Ivan"]
[Black "Haas, Carmi"]
[Result "1-0"]
[WhiteElo "2422"]
[BlackElo "2215"]
[PlyCount "126"]
[EventDate "1999.04.??"]
[EventType "swiss"]
[EventRounds "9"]
[EventCountry "SUI"]
[SourceTitle "EXT 2000"]
[Source "ChessBase"]
[SourceDate "1999.11.16"]
[SourceVersion "1"]
[SourceVersionDate "1999.11.16"]
[SourceQuality "1"]

1. d4 d5 2. Nf3 Nf6 3. c4 c6 4. Nc3 a6 5. g3 dxc4 6. Bg2 g6 7. Ne5 Bg7 8. Nxc4 0-0 9. 0-0 a5 10. e4 Bg4 11. Qb3 b5 12. Ne5 a4 13. Qc2 Qxd4 14. Nxg4 Nxg4 15. h3 Ne5 16. Rd1 Qc4 17. Be3 a3 18. Bf1 Qb4 19. Kg2 axb2 20. Rab1 Nc4 21. Bd4 e5 22. Be3 Ra3 23. Rd3 f5 24. Nd1 f4 25. Bd2 Nxd2 26. Rxd2 Rxa2 27. g4 f3+ 28. Kg1 Bh6 29. Rd3 Bc1 30. Rb3 Qd4 31. Rd3 Qxe4 32. Nc3 Qc4 33. Rd1 Qf7 34. Nxa2 Qxa2 35. Rbxc1 bxc1N 36. Qxc1 Qe6 37. Qa3 Qe8 38. Bd3 Nd7 39. Be4 Nf6 40. Bxf3 e4 41. Bg2 Nd5 42. Re1 Qf7 43. Qg3 Qf4 44. Bxe4 Qxg3+ 45. fxg3 Kf7 46. Rc1 Re8 47. Bf3 Ne7 48. Kf2 Rc8 49. Ke3 Ke6 50. g5 Kd6 51. Rd1+ Kc7 52. Bg4 Rd8 53. Rxd8 Kxd8 54. Kd4 Kc7 55. Kc5 Kb7 56. h4 Ka6 57. Kd6 Nd5 58. Kxc6 Nb4+ 59. Kc5 Nc2 60. Be2 Kb7 61. Bxb5 Kc7 62. Bd3 Ne3 63. Kd4 Nd1 1-0